LEADER 01007nam0-22003251i-450 001 990004084430403321 005 20260219082040.0 035 $aFED01000408443 035 $a(Aleph)000408443FED01 035 $a000408443 100 $a19990530d1987----km-y0itay50------ba 101 0 $aita 102 $aIT 105 $ay---ac--001yy 200 1 $a<>genio dello storico$ele considerazioni sulla storia di Marc Bloch e Lucien Febvre e la tradizione metodologica francese$fMassimo Mastrogregori 210 $aNapoli$cEdizioni Scientifiche Italiane$d1987 215 $a274 p.$d24 cm 610 0 $aStoriografia$aFrancia$aSec. 20. 610 0 $aBloch, Marc 610 0 $aFebvre, Lucien 700 1$aMastrogregori,$bMassimo$0157994 801 0$aIT$bUNINA$gRICA$2UNIMARC 901 $aBK 912 $a990004084430403321 952 $aB 6349$bDDS.2506$fFLFBC 952 $aDE FUSCO 2083$bRDF 2148$fDARST 959 $aDARST 959 $aFLFBC 996 $aGenio dello storico$9479693 997 $aUNINA